000 00704nam0a22002411 4500
001 rc\832123
005 20250622010341.0
035 _a(NLR Aleph) 006014125
090 _a7359467
_c7359467
100 _a20041129d1983 |||y0rusy50 ca
101 0 _arus
102 _aRU
105 _ay |||||||||
200 1 _aГлупый Гонза
_eСказка в 2 д.
_e[Для детей]
210 _aМ.
_cВААП-Информ
_d1983
215 _a54 л.
300 _aИст.: Кн. лет., 1984, вып. 2, № 1799; Еж. кн. 1983, т. 1, № 19691
700 1 _aИлек
_bЯ.
_gЯн
801 0 _aRU
_bNLR
_gpsbo
801 1 _aRU
_bELAR
_2rusmarc
852 _aNLR
_jDesideratum
942 _cBOOK
980 _aNB